[Event "GBR-ch109 Over 50"]
[Site "Leicester"]
[Date "2023.07.26"]
[Round "3.2"]
[White "Graham, David Bruce"]
[Black "Dargan, Paul AG"]
[Result "1-0"]
[WhiteElo "2151"]
[BlackElo "2091"]
[PlyCount "87"]
[EventDate "2023.07.24"]
[EventType "swiss"]
[EventRounds "7"]
[EventCountry "GBR"]
[SourceTitle "BritBase"]
[Source "John Saunders"]
[SourceDate "2025.01.31"]
[SourceVersion "1"]
[SourceVersionDate "2025.01.31"]
[SourceQuality "1"]

1. e4 c5 2. Nc3 Nc6 3. g3 g6 4. Bg2 Bg7 5. d3 d6 6. Nge2 e6 7. O-O Nge7 8. Bg5 h6 9. Be3 O-O 10. Qd2 Kh7 11. a4 Nd4 12. Bxd4 cxd4 13. Nb5 e5 14. c3 a6 15. Na3 dxc3 16. Nxc3 Be6 17. Nd5 Nc6 18. Nc2 a5 19. Ra3 f5 20. exf5 Bxf5 21. b4 axb4 22. Ndxb4 Qa5 23. Rb1 Rad8 24. Qe1 e4 25. Nxc6 Qxe1+ 26. Nxe1 bxc6 27. dxe4 Bc8 28. Rd1 Ba6 29. Bf1 Bxf1 30. Kxf1 d5 31. exd5 cxd5 32. a5 d4 33. Nd3 Ra8 34. Rb1 Rf5 35. a6 Rf6 36. a7 Rf7 37. Rba1 Bf8 38. Ra4 Bg7 39. Ke2 Rd7 40. R1a2 Bf6 41. Ra6 Kg7 42. Nc5 Rd5 43. Ne6+ Kf7 44. Nc7 1-0

[Event "GBR-ch109 Over 50"]
[Site "Leicester"]
[Date "2023.07.26"]
[Round "3.3"]
[White "Pitcher, John T"]
[Black "Kett, Timothy J"]
[Result "1-0"]
[WhiteElo "2206"]
[BlackElo "2062"]
[PlyCount "105"]
[EventDate "2023.07.24"]
[EventType "swiss"]
[EventRounds "7"]
[EventCountry "GBR"]
[SourceTitle "BritBase"]
[Source "John Saunders"]
[SourceDate "2025.01.31"]
[SourceVersion "1"]
[SourceVersionDate "2025.01.31"]
[SourceQuality "1"]

1. e4 c5 2. Nf3 d6 3. Bc4 Nc6 4. d3 Nf6 5. Nbd2 g6 6. O-O Bg7 7. Re1 O-O 8. a3 a6 9. Ba2 b5 10. Nf1 Bb7 11. Ng3 Rc8 12. Bf4 e5 13. Bg5 h6 14. Bxf6 Qxf6 15. Bd5 Qe7 16. a4 b4 17. Nd2 Na5 18. Bxb7 Qxb7 19. Nc4 Nxc4 20. dxc4 Rcd8 21. Qd3 h5 22. Red1 Bh6 23. Ne2 Kg7 24. c3 f5 25. Qd5 Qxd5 26. Rxd5 fxe4 27. cxb4 cxb4 28. Ng3 e3 29. f3 e2 30. Kf2 b3 31. Ne4 Rc8 32. Nxd6 Rc6 33. Kxe2 Rd8 34. c5 e4 35. fxe4 Bf4 36. e5 Rb8 37. g3 Bg5 38. Rf1 Rf8 39. Rfd1 h4 40. R1d3 Rb8 41. Rd1 hxg3 42. hxg3 Rb4 43. Kd3 Rxa4 44. Rf1 Rg4 45. Ne4 Re6 46. Rd7+ Be7 47. Rf4 Rxf4 48. gxf4 Kf8 49. Kd4 a5 50. Ra7 Bd8 51. Ra8 Ke8 52. Kd5 Re7 53. Nf6+ 1-0

[Event "GBR-ch109 Over 50"]
[Site "Leicester"]
[Date "2023.07.26"]
[Round "3.4"]
[White "Rich, Mark C"]
[Black "Crocker, Philip J"]
[Result "1/2-1/2"]
[WhiteElo "2043"]
[BlackElo "2151"]
[PlyCount "41"]
[EventDate "2023.07.24"]
[EventType "swiss"]
[EventRounds "7"]
[EventCountry "GBR"]
[SourceTitle "BritBase"]
[Source "John Saunders"]
[SourceDate "2025.01.31"]
[SourceVersion "1"]
[SourceVersionDate "2025.01.31"]
[SourceQuality "1"]

1. e4 e5 2. Nf3 Nc6 3. Bc4 Nf6 4. d4 exd4 5. e5 Ne4 6. Qe2 Nc5 7. O-O Ne6 8. Rd1 d5 9. exd6 Bxd6 10. c3 O-O 11. Bxe6 Bxe6 12. cxd4 Re8 13. Be3 Bg4 14. h3 Bh5 15. g4 Bg6 16. Nc3 Bf4 17. Qd2 Bxe3 18. fxe3 Be4 19. Qf2 Bxf3 20. Qxf3 Nb4 21. Rac1 1/2-1/2

[Event "GBR-ch109 Over 50"]
[Site "Leicester"]
[Date "2023.07.26"]
[Round "3.5"]
[White "Brown, Alan M"]
[Black "Eames, Robert S"]
[Result "0-1"]
[WhiteElo "1988"]
[BlackElo "2124"]
[PlyCount "74"]
[EventDate "2023.07.24"]
[EventType "swiss"]
[EventRounds "7"]
[EventCountry "GBR"]
[SourceTitle "BritBase"]
[Source "John Saunders"]
[SourceDate "2025.01.31"]
[SourceVersion "1"]
[SourceVersionDate "2025.01.31"]
[SourceQuality "1"]

1. d4 Nf6 2. c4 c5 3. d5 b5 4. cxb5 a6 5. bxa6 e6 6. Nc3 exd5 7. Nxd5 Nxa6 8. Nf3 Nxd5 9. Qxd5 Nc7 10. Qe5+ Ne6 11. e4 Be7 12. Bc4 Ba6 13. Bxa6 Qa5+ 14. Qc3 Qxa6 15. Qc2 O-O 16. Qe2 Qxe2+ 17. Kxe2 Ra4 18. Rd1 Rxe4+ 19. Kf1 d6 20. Be3 Ra8 21. a3 f5 22. Nd2 Rea4 23. f3 d5 24. Rac1 Rb8 25. Rc2 Kf7 26. Bf2 Nd4 27. Bxd4 Rxd4 28. Re1 c4 29. Nb1 Bf6 30. Nc3 Rd3 31. Nd1 f4 32. Kf2 h5 33. g3 g5 34. Kg2 Rbb3 35. gxf4 gxf4 36. Nf2 Rxf3 37. Rd2 Rfe3 0-1

[Event "GBR-ch109 Over 50"]
[Site "Leicester"]
[Date "2023.07.26"]
[Round "3.6"]
[White "Henderson, David"]
[Black "Watson, Simon"]
[Result "1/2-1/2"]
[WhiteElo "2113"]
[BlackElo "1835"]
[PlyCount "85"]
[EventDate "2023.07.24"]
[EventType "swiss"]
[EventRounds "7"]
[EventCountry "GBR"]
[SourceTitle "BritBase"]
[Source "John Saunders"]
[SourceDate "2025.01.31"]
[SourceVersion "1"]
[SourceVersionDate "2025.01.31"]
[SourceQuality "1"]

1. e4 d6 2. g3 Nf6 3. Bg2 c5 4. c3 g6 5. Ne2 Bg7 6. d4 cxd4 7. cxd4 O-O 8. O-O Nc6 9. h3 a6 10. Nbc3 e6 11. Be3 d5 12. e5 Nd7 13. Qd2 b5 14. Nf4 Nb6 15. b3 Ne7 16. g4 Bd7 17. Nd3 a5 18. Nc5 b4 19. Ne2 Bb5 20. Rfc1 Nd7 21. Bg5 Ra7 22. Rc2 Nxc5 23. Rxc5 Qb6 24. Rac1 Nc6 25. Bf1 Rc7 26. Be3 Rfc8 27. R5c2 Ne7 28. Nf4 Bxf1 29. Kxf1 Rxc2 30. Rxc2 Rxc2 31. Qxc2 Qc6 32. Qxc6 Nxc6 33. Nd3 Kf8 34. Ke2 Ke7 35. Nc5 Bf8 36. Kd3 Kd8 37. Na4 Kc7 38. Nb2 Na7 39. Na4 Nc6 40. Bg5 Kd7 41. Nb6+ Kc7 42. Na4 Kd7 43. Nb6+ 1/2-1/2

[Event "GBR-ch109 Over 50"]
[Site "Leicester"]
[Date "2023.07.26"]
[Round "3.7"]
[White "Arkell, Keith C"]
[Black "Duncan, Patrick CM"]
[Result "1-0"]
[WhiteElo "2392"]
[BlackElo "1996"]
[PlyCount "103"]
[EventDate "2023.07.24"]
[EventType "swiss"]
[EventRounds "7"]
[EventCountry "GBR"]
[SourceTitle "BritBase"]
[Source "John Saunders"]
[SourceDate "2025.01.31"]
[SourceVersion "1"]
[SourceVersionDate "2025.01.31"]
[SourceQuality "1"]

1. d4 Nf6 2. Nf3 e6 3. c4 Bb4+ 4. Bd2 Qe7 5. g3 Nc6 6. Nc3 Bxc3 7. Bxc3 Ne4 8. Rc1 d6 9. d5 Nxc3 10. Rxc3 Nd8 11. dxe6 Nxe6 12. Bg2 O-O 13. O-O a5 14. Qd2 Nc5 15. Re3 Qf6 16. Qd4 Qxd4 17. Nxd4 Be6 18. Nb5 Rac8 19. b3 Rfd8 20. Rd1 Kf8 21. a3 c6 22. Nd4 Bd7 23. b4 axb4 24. axb4 Na6 25. b5 Nc5 26. Ra3 cxb5 27. cxb5 Ra8 28. Rda1 Rxa3 29. Rxa3 Ke7 30. f4 Rb8 31. Ra7 Ke8 32. Kf2 h6 33. Bf3 g6 34. g4 Ne6 35. Nxe6 Bxe6 36. Bxb7 Bxg4 37. Bc6+ Kf8 38. Ke3 Be6 39. Kd4 Kg7 40. e4 Kf8 41. h4 Bb3 42. e5 dxe5+ 43. fxe5 g5 44. hxg5 hxg5 45. Kc5 Be6 46. b6 Bc8 47. b7 Bxb7 48. Bxb7 f6 49. e6 Re8 50. Bd5 Re7 51. Ra8+ Kg7 52. Kd6 1-0

[Event "GBR-ch109 Over 50"]
[Site "Leicester"]
[Date "2023.07.26"]
[Round "3.8"]
[White "Thompson, Ian D"]
[Black "Townsend, M Paul"]
[Result "1-0"]
[WhiteElo "2035"]
[BlackElo "2209"]
[PlyCount "61"]
[EventDate "2023.07.24"]
[EventType "swiss"]
[EventRounds "7"]
[EventCountry "GBR"]
[SourceTitle "BritBase"]
[Source "John Saunders"]
[SourceDate "2025.01.31"]
[SourceVersion "1"]
[SourceVersionDate "2025.01.31"]
[SourceQuality "1"]

1. c4 e6 2. Nc3 d5 3. d4 Nf6 4. cxd5 exd5 5. Bg5 Be7 6. e3 h6 7. Bh4 O-O 8. Bd3 Re8 9. Qc2 c6 10. Nge2 Nbd7 11. O-O Ne4 12. Bxe7 Qxe7 13. b4 a6 14. Rab1 Ndf6 15. Nd1 Bd7 16. Nec3 Rad8 17. f3 Nxc3 18. Qxc3 Rf8 19. Re1 Ne8 20. Nf2 Be6 21. Bf1 Nd6 22. a4 Rc8 23. e4 dxe4 24. fxe4 f6 25. Nd3 Rfe8 26. Nc5 Bf7 27. e5 fxe5 28. dxe5 Nf5 29. e6 Bg6 30. Rbd1 Nd6 31. Qg3 1-0

[Event "GBR-ch109 Over 50"]
[Site "Leicester"]
[Date "2023.07.26"]
[Round "3.9"]
[White "Kennedy, Craig"]
[Black "Duncan, Christopher R"]
[Result "0-1"]
[WhiteElo "1784"]
[BlackElo "2191"]
[PlyCount "54"]
[EventDate "2023.07.24"]
[EventType "swiss"]
[EventRounds "7"]
[EventCountry "GBR"]
[SourceTitle "BritBase"]
[Source "John Saunders"]
[SourceDate "2025.01.31"]
[SourceVersion "1"]
[SourceVersionDate "2025.01.31"]
[SourceQuality "1"]

1. d4 d5 2. Nc3 Bf5 3. Bf4 Nf6 4. e3 e6 5. Bd3 Bg6 6. h4 Bd6 7. Bxd6 Qxd6 8. h5 Bxd3 9. Qxd3 h6 10. Nf3 Nbd7 11. O-O-O O-O-O 12. Rh4 Rhe8 13. e4 dxe4 14. Nxe4 Qd5 15. Nxf6 Nxf6 16. c4 Qa5 17. a3 Re7 18. Ne5 Nd7 19. Re4 Nc5 20. dxc5 Rxd3 21. Nxd3 Rd7 22. Kb1 Qa4 23. Rd2 c6 24. Ka2 Qa5 25. b4 Qd8 26. Re3 e5 27. f3 f5 0-1

[Event "GBR-ch109 Over 50"]
[Site "Leicester"]
[Date "2023.07.26"]
[Round "3.10"]
[White "Ledger, David J"]
[Black "Baer, Bruce L"]
[Result "1-0"]
[WhiteElo "2190"]
[BlackElo "2026"]
[PlyCount "71"]
[EventDate "2023.07.24"]
[EventType "swiss"]
[EventRounds "7"]
[EventCountry "GBR"]
[SourceTitle "BritBase"]
[Source "John Saunders"]
[SourceDate "2025.01.31"]
[SourceVersion "1"]
[SourceVersionDate "2025.01.31"]
[SourceQuality "1"]

1. e4 g6 2. d4 Bg7 3. Nc3 c6 4. Be3 d6 5. f4 d5 6. e5 h5 7. h3 Nh6 8. Nf3 Bf5 9. Bf2 b5 10. Nh4 e6 11. Nxf5 Nxf5 12. Bd3 Nd7 13. Qf3 h4 14. O-O Nb6 15. b3 Bf8 16. Ne2 b4 17. Rfc1 Qd7 18. c3 bxc3 19. Rxc3 Ba3 20. Rb1 a5 21. Kh1 Nc8 22. Rc2 Nce7 23. Rd1 Bb4 24. Ra1 a4 25. bxa4 O-O 26. Rb1 Rxa4 27. Rcb2 Ba5 28. Qg4 Ra3 29. Rb3 Rxa2 30. Bxh4 Nxh4 31. Qxh4 Nf5 32. Bxf5 Rxe2 33. Bd3 Rd2 34. Qh6 Bc7 35. f5 Rxd3 36. f6 1-0

[Event "GBR-ch109 Over 50"]
[Site "Leicester"]
[Date "2023.07.26"]
[Round "3.11"]
[White "Walker, Martin Graham"]
[Black "James, Russell A"]
[Result "1/2-1/2"]
[WhiteElo "2079"]
[BlackElo "2012"]
[PlyCount "60"]
[EventDate "2023.07.24"]
[EventType "swiss"]
[EventRounds "7"]
[EventCountry "GBR"]
[SourceTitle "BritBase"]
[Source "John Saunders"]
[SourceDate "2025.01.31"]
[SourceVersion "1"]
[SourceVersionDate "2025.01.31"]
[SourceQuality "1"]

1. e4 d6 2. d4 Nf6 3. Nc3 e5 4. Nf3 Nbd7 5. Bc4 Be7 6. h3 O-O 7. O-O c6 8. a4 h6 9. Be3 Re8 10. Re1 exd4 11. Bxd4 Nf8 12. Qd2 Ne6 13. Be3 Nxe4 14. Nxe4 d5 15. Bxd5 Qxd5 16. Qxd5 cxd5 17. Nc3 Bb4 18. Red1 Bxc3 19. bxc3 Bd7 20. c4 d4 21. Nxd4 Nxd4 22. Rxd4 Bc6 23. a5 a6 24. Ra3 Re4 25. f3 Rxd4 26. Bxd4 Rd8 27. c3 f5 28. Kf2 Re8 29. Ra1 Kf7 30. Rg1 g5 1/2-1/2

[Event "GBR-ch109 Over 50"]
[Site "Leicester"]
[Date "2023.07.26"]
[Round "3.12"]
[White "Smith, Peter"]
[Black "Kirby, Peter J"]
[Result "1/2-1/2"]
[WhiteElo "2063"]
[BlackElo "1985"]
[PlyCount "94"]
[EventDate "2023.07.24"]
[EventType "swiss"]
[EventRounds "7"]
[EventCountry "GBR"]
[SourceTitle "BritBase"]
[Source "John Saunders"]
[SourceDate "2025.01.31"]
[SourceVersion "1"]
[SourceVersionDate "2025.01.31"]
[SourceQuality "1"]

1. Nf3 Nf6 2. c4 g6 3. g3 Bg7 4. Bg2 O-O 5. O-O c5 6. Nc3 d6 7. d4 Nc6 8. b3 Nxd4 9. Nxd4 cxd4 10. Qxd4 Ng4 11. Qd2 Rb8 12. Bb2 Nf6 13. Rfd1 b6 14. Rac1 Bb7 15. Bxb7 Rxb7 16. Nd5 Ne4 17. Qc2 Bxb2 18. Qxb2 e6 19. Nc3 Qf6 20. f3 Nxc3 21. Qxc3 Qxc3 22. Rxc3 Rd7 23. Rcd3 Rfd8 24. e4 Kf8 25. Kf2 Ke7 26. Ke3 f6 27. f4 Rf8 28. e5 fxe5 29. fxe5 d5 30. cxd5 Rxd5 31. Rxd5 exd5 32. Rxd5 Rf1 33. a4 Ke6 34. Rb5 Ra1 35. Kf4 h6 36. a5 bxa5 37. Rb7 Rf1+ 38. Ke4 Re1+ 39. Kd4 Rxe5 40. Re7+ Kxe7 41. Kxe5 h5 42. h3 a6 43. g4 hxg4 44. hxg4 Kf7 45. g5 Ke7 46. Kd5 Kd7 47. Kc5 Kc7 1/2-1/2

[Event "GBR-ch109 Over 50"]
[Site "Leicester"]
[Date "2023.07.26"]
[Round "3.13"]
[White "Mason, Donald J"]
[Black "Handley, Michael R"]
[Result "0-1"]
[WhiteElo "2042"]
[BlackElo "1965"]
[PlyCount "86"]
[EventDate "2023.07.24"]
[EventType "swiss"]
[EventRounds "7"]
[EventCountry "GBR"]
[SourceTitle "BritBase"]
[Source "John Saunders"]
[SourceDate "2025.01.31"]
[SourceVersion "1"]
[SourceVersionDate "2025.01.31"]
[SourceQuality "1"]

1. e4 e6 2. d4 d5 3. e5 c5 4. c3 Nc6 5. Nf3 Qb6 6. Bd3 cxd4 7. O-O Bd7 8. Re1 Nge7 9. h4 h6 10. Nbd2 Nf5 11. Bxf5 exf5 12. Nb3 dxc3 13. bxc3 Be7 14. Be3 Qc7 15. Qxd5 Be6 16. Qb5 O-O 17. Nbd4 Nxd4 18. cxd4 a6 19. Qb1 Qd7 20. h5 Bd5 21. e6 Bxe6 22. d5 Qxd5 23. Bd4 Rfe8 24. Qb2 Bf8 25. Re5 Qd7 26. Rae1 Bd5 27. Nh4 Rxe5 28. Rxe5 Re8 29. Rxe8 Qxe8 30. Nxf5 Qe1+ 31. Kh2 Qe4 32. Ne3 Bc6 33. Kg1 Qf4 34. Bc3 Qg5 35. Qe2 Bc5 36. Bd2 Bd6 37. Qg4 Qxg4 38. Nxg4 b5 39. Ne3 Bd7 40. Bc1 b4 41. Bb2 Be6 42. a3 bxa3 43. Bd4 f6 0-1

[Event "GBR-ch109 Over 50"]
[Site "Leicester"]
[Date "2023.07.26"]
[Round "3.14"]
[White "Cole, Graham L"]
[Black "Smith, Andrew Philip"]
[Result "0-1"]
[WhiteElo "1628"]
[BlackElo "2038"]
[PlyCount "66"]
[EventDate "2023.07.24"]
[EventType "swiss"]
[EventRounds "7"]
[EventCountry "GBR"]
[SourceTitle "BritBase"]
[Source "John Saunders"]
[SourceDate "2025.01.31"]
[SourceVersion "1"]
[SourceVersionDate "2025.01.31"]
[SourceQuality "1"]

1. e4 c5 2. Nf3 Nc6 3. d4 cxd4 4. Nxd4 Qc7 5. Nc3 e6 6. Be3 a6 7. Qd2 Nf6 8. f3 b5 9. Nxc6 dxc6 10. O-O-O Be7 11. g4 Bb7 12. Qf2 Nd7 13. f4 c5 14. Bg2 Nf6 15. g5 Ng4 16. Qe2 Nxe3 17. Qxe3 c4 18. Rhf1 O-O 19. Bh1 b4 20. Ne2 Bc5 21. Qg3 Rad8 22. Kb1 Rxd1+ 23. Rxd1 Rd8 24. Qe1 g6 25. e5 Rxd1+ 26. Qxd1 Bxh1 27. Qxh1 Qd8 28. Qe1 Be3 29. a3 b3 30. cxb3 Qd3+ 31. Ka1 cxb3 32. Qf1 Bd4 33. Ng3 Bxb2+ 0-1

[Event "GBR-ch109 Over 50"]
[Site "Leicester"]
[Date "2023.07.26"]
[Round "3.15"]
[White "Ledger, Stephen C"]
[Black "Brett, Andrew R"]
[Result "1/2-1/2"]
[WhiteElo "1978"]
[BlackElo "2078"]
[PlyCount "44"]
[EventDate "2023.07.24"]
[EventType "swiss"]
[EventRounds "7"]
[EventCountry "GBR"]
[SourceTitle "BritBase"]
[Source "John Saunders"]
[SourceDate "2025.01.31"]
[SourceVersion "1"]
[SourceVersionDate "2025.01.31"]
[SourceQuality "1"]

1. d4 Nf6 2. Bg5 d5 3. Bxf6 gxf6 4. e3 c5 5. c3 Qb6 6. Qb3 c4 7. Qc2 Nc6 8. Nd2 e5 9. Ne2 Be6 10. g3 h5 11. h4 Bd6 12. Bg2 exd4 13. exd4 Qc7 14. Nf1 Ne7 15. Ne3 Rb8 16. b4 b5 17. O-O a5 18. a3 Kf8 19. Kh2 a4 20. Ng1 Qd7 21. Bh3 f5 22. f4 f6 1/2-1/2

[Event "GBR-ch109 Over 50"]
[Site "Leicester"]
[Date "2023.07.26"]
[Round "3.16"]
[White "Hughes, Roy"]
[Black "Giulian, Rosemary A"]
[Result "1-0"]
[WhiteElo "2007"]
[BlackElo "1855"]
[PlyCount "89"]
[EventDate "2023.07.24"]
[EventType "swiss"]
[EventRounds "7"]
[EventCountry "GBR"]
[SourceTitle "BritBase"]
[Source "John Saunders"]
[SourceDate "2025.01.31"]
[SourceVersion "1"]
[SourceVersionDate "2025.01.31"]
[SourceQuality "1"]

1. d4 e6 2. c4 Nf6 3. Nf3 Bb4+ 4. Bd2 a5 5. Qc2 d5 6. a3 Be7 7. g3 O-O 8. Bg2 Nbd7 9. O-O b6 10. Bf4 c5 11. Nc3 Bb7 12. cxd5 Nxd5 13. Nxd5 exd5 14. Rfd1 c4 15. Rac1 Rc8 16. Qf5 Nf6 17. Ne5 b5 18. h4 Ra8 19. a4 bxa4 20. Nxc4 Ra7 21. Ne5 Qb6 22. Rb1 Ba6 23. Bf3 Rc8 24. Be3 Bd8 25. Nd3 g6 26. Qh3 Rc2 27. Nc5 Bxe2 28. Bxe2 Rxe2 29. Nxa4 Qd6 30. Nc3 Rxe3 31. fxe3 Re7 32. Re1 h5 33. Qg2 Bb6 34. Re2 Qe6 35. Rf1 Rd7 36. Rxf6 Qxf6 37. Nxd5 Qd6 38. Nf4 Rc7 39. Qd5 Rc1+ 40. Kg2 Qf6 41. Rf2 Qg7 42. Nd3 Rc7 43. Ne5 Re7 44. Nd7 Re6 45. Nxb6 1-0

[Event "GBR-ch109 Over 50"]
[Site "Leicester"]
[Date "2023.07.26"]
[Round "3.17"]
[White "Molyneux, John"]
[Black "Kalerwa, Edwin M"]
[Result "1-0"]
[WhiteElo "2230"]
[BlackElo "1694"]
[PlyCount "75"]
[EventDate "2023.07.24"]
[EventType "swiss"]
[EventRounds "7"]
[EventCountry "GBR"]
[SourceTitle "BritBase"]
[Source "John Saunders"]
[SourceDate "2025.01.31"]
[SourceVersion "1"]
[SourceVersionDate "2025.01.31"]
[SourceQuality "1"]

1. e4 c5 2. Nc3 d6 3. d4 cxd4 4. Qxd4 a6 5. b3 Nf6 6. Bb2 Nc6 7. Qd2 e5 8. O-O-O Be7 9. Kb1 Be6 10. f3 Qa5 11. Nge2 O-O 12. g4 Rfd8 13. Nd5 Bxd5 14. exd5 Qxd2 15. Rxd2 Na7 16. Ng3 b5 17. h4 a5 18. g5 Nd7 19. Bh3 b4 20. Re1 Bf8 21. h5 g6 22. Ne4 Be7 23. hxg6 hxg6 24. Bxd7 Rxd7 25. Nf6+ Kg7 26. Nxd7 Bxg5 27. Rg2 Bf4 28. Nb6 Rb8 29. Nc4 Nc8 30. Bc1 Bxc1 31. Kxc1 Rb5 32. Rd2 f5 33. Rg1 Kf7 34. Rdg2 Rxd5 35. Rxg6 Rd4 36. Rg7+ Ke6 37. R1g6+ Kd5 38. Rc7 1-0

[Event "GBR-ch109 Over 50"]
[Site "Leicester"]
[Date "2023.07.26"]
[Round "3.18"]
[White "Wilson, Matthew R"]
[Black "Grillage, Andrew"]
[Result "0-1"]
[WhiteElo "1762"]
[BlackElo "2010"]
[PlyCount "54"]
[EventDate "2023.07.24"]
[EventType "swiss"]
[EventRounds "7"]
[EventCountry "GBR"]
[SourceTitle "BritBase"]
[Source "John Saunders"]
[SourceDate "2025.01.31"]
[SourceVersion "1"]
[SourceVersionDate "2025.01.31"]
[SourceQuality "1"]

1. e4 d5 2. exd5 Qxd5 3. Nc3 Qd8 4. d4 Nf6 5. Nf3 Bg4 6. h3 Bxf3 7. Qxf3 c6 8. Be3 e6 9. Bd3 Nbd7 10. O-O Bd6 11. Rfe1 O-O 12. Rad1 Qc7 13. Ne4 Nxe4 14. Qxe4 Nf6 15. Qh4 Be7 16. Bf4 Qd8 17. g4 g6 18. Qg3 Re8 19. Be5 Nd7 20. f4 Bh4 21. Qg2 Bxe1 22. Rxe1 Nxe5 23. dxe5 Qd4+ 24. Qf2 Qxb2 25. f5 exf5 26. gxf5 Rxe5 27. Rf1 Qb6 0-1

[Event "GBR-ch109 Over 50"]
[Site "Leicester"]
[Date "2023.07.26"]
[Round "3.19"]
[White "Crichton, Martin"]
[Black "Drugan, Mark A"]
[Result "1/2-1/2"]
[WhiteElo "1906"]
[BlackElo "1693"]
[PlyCount "31"]
[EventDate "2023.07.24"]
[EventType "swiss"]
[EventRounds "7"]
[EventCountry "GBR"]
[SourceTitle "BritBase"]
[Source "John Saunders"]
[SourceDate "2025.01.31"]
[SourceVersion "1"]
[SourceVersionDate "2025.01.31"]
[SourceQuality "1"]

1. e4 e5 2. Nf3 Nc6 3. d4 exd4 4. Bc4 Nf6 5. O-O Nxe4 6. Re1 d5 7. Bxd5 Qxd5 8. Nc3 Qa5 9. Nxe4 Be6 10. Bd2 Bb4 11. Nxd4 Bxd2 12. Nxc6 Qd5 13. Nxd2 bxc6 14. Ne4 O-O-O 15. b3 Bf5 16. f3 1/2-1/2

[Event "GBR-ch109 Over 50"]
[Site "Leicester"]
[Date "2023.07.26"]
[Round "3.20"]
[White "Strugar, Ioan"]
[Black "Mueller, Jens"]
[Result "0-1"]
[WhiteElo "1359"]
[BlackElo "1862"]
[PlyCount "88"]
[EventDate "2023.07.24"]
[EventType "swiss"]
[EventRounds "7"]
[EventCountry "GBR"]
[SourceTitle "BritBase"]
[Source "John Saunders"]
[SourceDate "2025.01.31"]
[SourceVersion "1"]
[SourceVersionDate "2025.01.31"]
[SourceQuality "1"]

1. e4 g6 2. d4 Bg7 3. Nf3 d6 4. Nc3 a6 5. a4 b6 6. Bd3 Bg4 7. Be3 Nc6 8. Be2 Bxf3 9. Bxf3 e5 10. Ne2 Nf6 11. d5 Ne7 12. O-O O-O 13. c4 a5 14. Nc3 Nd7 15. Be2 f5 16. exf5 gxf5 17. Bg5 Nf6 18. Qd2 Qd7 19. h4 Rf7 20. h5 Kh8 21. h6 Bf8 22. f4 Neg8 23. fxe5 dxe5 24. Rf3 f4 25. Rh3 Qf5 26. Bxf6+ Nxf6 27. Bd3 Qg5 28. Kf2 Bc5+ 29. Ke1 e4 30. Bf1 Re8 31. Kd1 Ree7 32. Kc2 Ng4 33. Re1 Re5 34. Kb1 Nf2 35. g3 Nxh3 36. Bxh3 Qxg3 37. Be6 e3 38. Qc2 Qxe1+ 39. Ka2 Qf2 40. Qd3 e2 41. Nxe2 Rxe2 42. Qf5 Rxb2+ 43. Ka1 Ra2+ 44. Kb1 Qb2# 0-1

[Event "GBR-ch109 Over 50"]
[Site "Leicester"]
[Date "2023.07.27"]
[Round "4.1"]
[White "Sanger, Mark"]
[Black "Graham, David Bruce"]
[Result "1/2-1/2"]
[WhiteElo "2049"]
[BlackElo "2151"]
[PlyCount "88"]
[EventDate "2023.07.24"]
[EventType "swiss"]
[EventRounds "7"]
[EventCountry "GBR"]
[SourceTitle "BritBase"]
[Source "John Saunders"]
[SourceDate "2025.01.31"]
[SourceVersion "1"]
[SourceVersionDate "2025.01.31"]
[SourceQuality "1"]

1. e4 e6 2. d4 d5 3. Nd2 c5 4. exd5 exd5 5. Ngf3 Nc6 6. Bb5 Bd6 7. dxc5 Bxc5 8. O-O Nge7 9. Nb3 Bd6 10. Re1 O-O 11. Bd3 h6 12. c3 Bg4 13. Be2 Re8 14. Nfd4 Bxe2 15. Rxe2 a6 16. Be3 Ne5 17. Bf4 N7g6 18. Bxe5 Bxe5 19. Nf3 Qd6 20. Qe1 Kf8 21. Rd1 Bf6 22. g3 Qd7 23. Rxe8+ Rxe8 24. Qd2 Rd8 25. Kg2 h5 26. c4 Qg4 27. c5 h4 28. h3 Qc4 29. Na5 Qxa2 30. Nxb7 Rb8 31. c6 Ne7 32. Qf4 Rc8 33. Qd6 Qxb2 34. c7 Kg8 35. Qd8+ Kh7 36. Nd6 Nf5 37. Qxc8 Ne3+ 38. Kg1 hxg3 39. Rf1 gxf2+ 40. Kh1 Nxf1 41. Qf5+ g6 42. Ng5+ Bxg5 43. Qxf7+ Kh6 44. Qf8+ Kh7 1/2-1/2

[Event "GBR-ch109 Over 50"]
[Site "Leicester"]
[Date "2023.07.27"]
[Round "4.2"]
[White "Eames, Robert S"]
[Black "Pitcher, John T"]
[Result "1-0"]
[WhiteElo "2124"]
[BlackElo "2206"]
[PlyCount "99"]
[EventDate "2023.07.24"]
[EventType "swiss"]
[EventRounds "7"]
[EventCountry "GBR"]
[SourceTitle "BritBase"]
[Source "John Saunders"]
[SourceDate "2025.01.31"]
[SourceVersion "1"]
[SourceVersionDate "2025.01.31"]
[SourceQuality "1"]

1. e4 c5 2. Nf3 e6 3. d4 cxd4 4. Nxd4 Nc6 5. Nc3 Qc7 6. Be3 a6 7. a3 b5 8. Nxc6 Qxc6 9. Bd3 Bb7 10. Qd2 Rc8 11. f3 Bc5 12. Bxc5 Qxc5 13. O-O-O Rc7 14. Rhe1 Ne7 15. e5 O-O 16. Be4 Nc6 17. Qd6 Qxd6 18. Rd3 Qd5 19. Rxd5 Rd8 20. Rd6 Rdc8 21. f4 Kf8 22. Red1 Ke7 23. g4 h6 24. h4 f6 25. exf6+ gxf6 26. h5 Rg8 27. Bg6 Na5 28. R6d3 Nc4 29. Re1 Kf8 30. Rg3 Kg7 31. Be4 Bxe4 32. Nxe4 d5 33. Nc3 Kf7 34. Re2 d4 35. Ne4 d3 36. cxd3 Ne3+ 37. Kb1 Nxg4 38. f5 exf5 39. Nd6+ Kg7 40. Ne8+ Rxe8 41. Rxe8 Kf7 42. Ra8 Rc6 43. Rf3 Ke6 44. d4 Rd6 45. Re8+ Kf7 46. Re2 Rd5 47. Kc2 a5 48. Kc3 Kf8 49. b3 Kf7 50. a4 1-0

[Event "GBR-ch109 Over 50"]
[Site "Leicester"]
[Date "2023.07.27"]
[Round "4.3"]
[White "Dargan, Paul AG"]
[Black "Arkell, Keith C"]
[Result "0-1"]
[WhiteElo "2091"]
[BlackElo "2392"]
[PlyCount "98"]
[EventDate "2023.07.24"]
[EventType "swiss"]
[EventRounds "7"]
[EventCountry "GBR"]
[SourceTitle "BritBase"]
[Source "John Saunders"]
[SourceDate "2025.01.31"]
[SourceVersion "1"]
[SourceVersionDate "2025.01.31"]
[SourceQuality "1"]

1. e4 g6 2. d4 Bg7 3. Nc3 c6 4. Nf3 d5 5. h3 dxe4 6. Nxe4 Nd7 7. Bd3 Ngf6 8. Nxf6+ Nxf6 9. O-O O-O 10. Re1 b6 11. Qe2 e6 12. Bf4 Bb7 13. Rad1 Qc8 14. Be5 c5 15. c3 cxd4 16. Nxd4 a6 17. Qe3 b5 18. Qg5 Nd5 19. Bxg7 Kxg7 20. Qe5+ Nf6 21. Be4 Bxe4 22. Rxe4 Qb8 23. Nxe6+ fxe6 24. Rd7+ Kh8 25. Rd6 Qxd6 26. Qxd6 Nxe4 27. Qe5+ Nf6 28. Qxe6 Kg7 29. Qc6 Ra7 30. a4 bxa4 31. Qxa4 Rff7 32. Qc4 a5 33. g4 Rad7 34. Qf4 Rfe7 35. Qa4 Rd2 36. Qxa5 Rxb2 37. g5 Ne8 38. Qc5 Rbe2 39. Qd4+ Kg8 40. c4 R2e5 41. Qd2 Rc7 42. f4 Rec5 43. Qd8 Kf7 44. Qd4 Rxc4 45. Qh8 Rxf4 46. Qxh7+ Ng7 47. h4 Rf5 48. Kg2 Rc3 49. Kh2 Rc7 0-1